000 00400nam a2200169Ia 4500
001 10547
003 IN-NITTTR
005 20251114233058.0
008 251113s9999||||xx |||||||||||||| ||eng||
040 _beng
040 _cIN-NITTTR
041 _aeng
082 _a371.207 W671P
100 _aWilliams, Peter
245 0 _aPlanning teacher demand and supply /
_cWilliams, Peter
942 _2ddc
_cBK
999 _c13184
_d13184